书目信息 |
| 题名: |
建筑工程施工质量总论问答
|
|
| 作者: | 吴松勤 主编 | |
| 分册: | ||
| 出版信息: | 北京 中国建筑工业出版社 2004.06 |
|
| 页数: | 161页 | |
| 开本: | 20cm | |
| 丛书名: | 建筑工程施工质量问答丛书 | |
| 单 册: | ||
| 中图分类: | TU711-44 | |
| 科图分类: | ||
| 主题词: | 建筑工程--jian zhu gong cheng--工程验收--质量标准--中国--问答 | |
| 电子资源: | ||
| ISBN: | 7-112-06422-8 | |
| 000 | 00973nam 2200241 450 | |
| 001 | 010229208014 | |
| 005 | 20050926103558.33 | |
| 010 | @a7-112-06422-8@dCNY12.00 | |
| 100 | @a20050725d2004 km y0chiy0120 ea | |
| 101 | 0 | @achi |
| 102 | @aCN@b110000 | |
| 105 | @ay z 000yy | |
| 200 | 1 | @a建筑工程施工质量总论问答@Ajian zhu gong cheng shi gong zhi liang zong lun wen da@f吴松勤主编@Fwu song qin zhu bian |
| 210 | @a北京@c中国建筑工业出版社@d2004.06 | |
| 215 | @a161页@d20cm | |
| 225 | 2 | @a建筑工程施工质量问答丛书@Ajian zhu gong cheng shi gong zhi liang wen da cong shu |
| 330 | @a本书针对《建筑工程施工质量验收统一标准》及与其配套的各专业质量验收规范中的有关问题,以一问一答的形式,用科学和通俗的语言进行解答。 | |
| 410 | 0 | @12001 @a建筑工程施工质量问答丛书 |
| 606 | 0 | @a建筑工程@Ajian zhu gong cheng@x工程验收@x质量标准@y中国@x问答 |
| 690 | @aTU711-44@v4 | |
| 701 | 0 | @a吴松勤@Awu song qin@4主编 |
| 801 | 0 | @aCN@bQSSK@c20050926 |
| 905 | @a10447@dTU711-44@eW865 | |
| 建筑工程施工质量总论问答/吴松勤主编.-北京:中国建筑工业出版社,2004.06 |
| 161页;20cm.-(建筑工程施工质量问答丛书) |
| ISBN 7-112-06422-8:CNY12.00 |
| 本书针对《建筑工程施工质量验收统一标准》及与其配套的各专业质量验收规范中的有关问题,以一问一答的形式,用科学和通俗的语言进行解答。 |
| ● |
| 相关链接 |
|
|
|
正题名:建筑工程施工质量总论问答
索取号:TU711-44/W865
 
预约/预借
| 序号 | 登录号 | 条形码 | 馆藏地/架位号 | 状态 | 备注 |
| 1 | 526576 | 205265764 | 建筑库201/201建筑库 19排1列1层/ [索取号:TU711-44/W865] | 在馆 | |
| 2 | 526577 | 205265773 | 建筑库201/101建筑库 55排2列3层/ [索取号:TU711-44/W865] | 在馆 | |
| 3 | 526578 | 205265782 | 建筑库201/201建筑库 19排1列1层/ [索取号:TU711-44/W865] | 在馆 |